ՀՀ Գիտությունների ազգային ակադեմիայի հիմնարար գիտական գրադարան  =   Fundamental Scientific Library of NAS RA

Нормирование расхода и производственных запасов основных материалов в нефтяной промышленности Азербайджанской ССР/ (Record no. 518196)

MARC details
000 -LEADER
fixed length control field 00990nam a22002177a 4500
003 - CONTROL NUMBER IDENTIFIER
control field AM-YEHGA
005 - DATE AND TIME OF LATEST TRANSACTION
control field 20250617164120.0
008 - FIXED-LENGTH DATA ELEMENTS--GENERAL INFORMATION
fixed length control field 190729s1962 ru ||||| |||| 00| 0 rus d
040 ## - CATALOGING SOURCE
Original cataloging agency AM-YeHGA
041 0# - LANGUAGE CODE
Language code of text/sound track or separate title rus
001 - CONTROL NUMBER
control field 1794606
090 ## - LOCALLY ASSIGNED LC-TYPE CALL NUMBER (OCLC); LOCAL CALL NUMBER (RLIN)
-- 521750
100 1# - MAIN ENTRY--PERSONAL NAME
Personal name Потапов, Александр Александрович
245 00 - TITLE STATEMENT
Title Нормирование расхода и производственных запасов основных материалов в нефтяной промышленности Азербайджанской ССР/
Statement of responsibility, etc. А.А. Потапов, А.А. Черфас, В.А. Логашкин
260 ## - PUBLICATION, DISTRIBUTION, ETC.
Place of publication, distribution, etc. Баку :
Name of publisher, distributor, etc. Азернешр,
Date of publication, distribution, etc. 1962
300 ## - PHYSICAL DESCRIPTION
Extent 117 с.
650 14 - SUBJECT ADDED ENTRY--TOPICAL TERM
Topical term or geographic name entry element Нефтяная промышленность - Нормирование расхода материалов
700 1# - ADDED ENTRY--PERSONAL NAME
Personal name Черфас, Александр Абрамович
700 1# - ADDED ENTRY--PERSONAL NAME
Personal name Логашкин, Валериан Акимович
942 ## - ADDED ENTRY ELEMENTS (KOHA)
Source of classification or shelving scheme Universal Decimal Classification
Koha item type Գրքեր / Books
Holdings
Withdrawn status Lost status Source of classification or shelving scheme Damaged status Not for loan Collection Home library Current library Date acquired Total checkouts Full call number Barcode Date last seen Price effective from Koha item type Public note
    Universal Decimal Classification     General Fundamental Scientific Library Fundamental Scientific Library 08/10/2021   РII/63259 FL0661117 08/10/2021 08/10/2021 Գրքեր / Books 30 Days Loan


ՀՀ ԳԱԱ հիմնարար գիտական գրադարան
ՀՀ,Երևան 0019
Մարշալ Բաղրամյան 24/6
հեռախոս:(374-10) 52-47-50
Հետադարձ կապ

All site content, except where otherwise noted, is licensed under a
Creative Commons License